01123nam a2200253 a 450000100100000000500170001000800410002702000180006804000250008608200200011110000350013124500700016626000390023630000200027550000700029559000260036565000270039165000310041891000370044995201240048695201180061095201240072899900170085200004487620240530073923.0150115s2014 dr 000 f spa d a9789945890303 aDO-SdBNPbspacBNPHU aRD863.44bC962c1 aCuba Amparo, Darío N.97288210aCrónica de una adolescente :bnovela /cDarío N. Cuba Amparo. aSanto Domingo :bSantuario,c2014. a76 p. ;c23 cm. aIncluye datos biográficos del autor en la solapa de la cubierta aInventariado, 2019/VM 0aNovela dominicana9223 0aLiteratura dominicana.967 aValidado. Control de calidad MFF 0010718DSaGRbGRcHDd2015-01-15iLF1l0oRD863.44 C962cp44876-30r2020-06-25te. 3w2020-06-25yLFDSZNo se presta 0010718PDaPDbPDcHDd2015-01-15iLF1l0oRD863.44 C962cp44876-10r2020-06-25w2020-06-25yLFPDZNo se presta 0010718PDaPDbPDcHDd2015-01-15iLF1l0oRD863.44 C962cp44876-20r2020-06-25te. 2w2020-06-25yLFPDZNo se presta c44365d44365